000 01340nam a2200421 a 4500
001 22404
003 SK-KTurca
005 20260327152616.0
008 240318s2012 xo g 000 f slo
015 _aSNBA2013
020 _a9788055131023
_q(viaz.)
035 _a0B1A9EFB-C76A-47F8-8CD4-257940F06D44
035 _aurn:nbn:sk:snk-amjmba
035 _aurn:nbn:sk:snk-am001ocm
040 _aPOKPOH
_bslo
_cPOKPOH
_dSNK
_eAACR2
041 1 _aslo
_heng
044 _axo
_cSK
072 7 _a821.111(73)-3
_xAmerická próza
_2konspekt
080 _a821.111(73)-31
_22001
080 _a(0:82-311.6)
_22001
080 _a(0:82-312.5)
_22001
100 1 _aMartin, Kat,
_d1947-
_4aut
240 1 0 _aNight secrets
_lSlovensky
245 1 0 _aTajomstvá noci
_cKat Martinová ; [z anglického originálu preložila Elena Šikulová]
250 _a[1. vyd.]
260 _aBratislava
_bIkar
_c2012
300 _a311 s.
_c21 cm
500 _aPreložené z angličtiny
655 7 _aamerické romány
_2SNKPH
655 7 _ahistorické romány
_2SNKPH
655 7 _aľúbostné romány
_2SNKPH
655 7 _aAmerican fiction
_2SNKPHeng
655 7 _aHistorical novels
_2SNKPHeng
655 7 _aLove novels
_2SNKPHeng
700 1 _aŠikulová, Elena
_4trl
942 _2ddc
_cKLDO
_n0
999 _c22404
_d22404